000 00544nam a2200193 i 4500
001 27906
003 ES-MaACL
005 20250824230741.0
007 t|
008 030115s1973 sp ||||1| spa d
100 1 _aBalbín Lucas, Rafael de.
_924847
245 1 0 _aSacrificio y alegría /
_cRafael María de Balbin.
260 _aMadrid :
_bRialp,
_c[1973]
300 _a240 p. ;
_c19 cm.
490 1 _aPatmos ;
_v147
830 0 0 _aPatmos (Rialp)
_v147
_9181154
852 _aES-MaACL
_jC-53662
_bR.86794
999 _c27906
_d27906